| 000 | 01316nam a2200229 a 4500 | ||
|---|---|---|---|
| 999 |
_c12100 _d12100 |
||
| 001 | 12100 | ||
| 003 | BD-JhCC | ||
| 005 | 20210315094637.0 | ||
| 008 | 210315b 2020bg a|||| ||a| 000 0 ban d | ||
| 020 | _a9789843492609 | ||
| 035 | _a(BD-JhCC)12100 | ||
| 040 |
_aBD-JhCC _dBD-JhCC |
||
| 041 | _aBen | ||
| 082 |
_a954.9205 _bBAN 2020 |
||
| 245 |
_aবাংলাদেশের মুক্তিযুদ্ধ জ্ঞানকোষ / _cসম্পাদনায় হারুন-অর-রশিদ |
||
| 260 |
_aঢাকা : _bবাংলাদেশ এশিয়াটিক সোসাইটি; _c২০২০. |
||
| 300 |
_aভলিউম ১-১০ : _bচিত্রাবলী সংযোজিত ; _c২৪ সে.মি. |
||
| 500 | _aখন্ড-১ : অং - এম খন্ড-২ : এম - খাটা খন্ড-৩ : খাটি - জগ খন্ড-৪ : জগ - দৌল খন্ড-৫: দৌল - পিটা খন্ড-৬ : পিটি - দোলা খন্ড-৭ : বালি- মানি খন্ড-৮ : মানি - যাদ খন্ড-৯ : যুক্ত - শৈল খন্ড-১০ :শোল - হোসে | ||
| 650 |
_aLiberation war _zBangladesh |
||
| 700 | _aহারুন-অর-রশিদ | ||
| 942 |
_2ddc _cBK |
||